Further rubber-asphalt road experiments (Record no. 59684)

MARC details
000 -LEADER
fixed length control field 00341nam a2200133Ia 4500
100 ## - MAIN ENTRY--AUTHOR NAME
Personal name Ashcott S
245 #0 - TITLE STATEMENT
Title Further rubber-asphalt road experiments
260 ## - PUBLICATION, DISTRIBUTION, ETC. (IMPRINT)
Name of publisher Rubber Developments
Year of publication 1950
300 ## - PHYSICAL DESCRIPTION
Number of Pages 97-102
650 ## - SUBJECT ADDED ENTRY--TOPICAL TERM
Topical Term Rubberized asphalt
650 ## - SUBJECT ADDED ENTRY--TOPICAL TERM
Topical Term Rubberized road
942 ## - ADDED ENTRY ELEMENTS (KOHA)
Koha item type Journals
Holdings
Withdrawn status Lost status Damaged status Not for loan Home library Current library Shelving location Date acquired Serial Enumeration / chronology Koha item type
      Journals RRII Library RRII Library Rubber chemistry 17/12/2021 Volume 3, Issue Journals